[Event "Moncada Cup"]
[Site "Santiago de Cuba"]
[Date "2017.03.21"]
[Round "1.2"]
[White "Neyra Ferrer, Jose Asdrubal"]
[Black "Llamos Lopez, Guillermo"]
[Result "0-1"]
[WhiteElo "2127"]
[BlackElo "2182"]
[PlyCount "78"]
[EventDate "2017.03.21"]
[EventType "swiss"]
[EventRounds "10"]
[EventCountry "CUB"]
[SourceTitle "EXT 2023"]
[Source "ChessBase"]
[SourceDate "2022.10.05"]
[SourceVersion "1"]
[SourceVersionDate "2022.10.05"]
[SourceQuality "1"]

1. e4 g6 2. d4 Bg7 3. Nf3 c6 4. Nc3 d6 5. Be2 Qc7 6. 0-0 Nf6 7. a4 0-0 8. h3 e5 9. Re1 Nbd7 10. a5 exd4 11. Nxd4 Nc5 12. Bf3 Nfd7 13. Be3 Ne6 14. Qd2 Nxd4 15. Bxd4 Be5 16. Rad1 Nc5 17. Bxe5 dxe5 18. Qd6 Qxd6 19. Rxd6 Be6 20. Red1 h5 21. Be2 Bc8 22. Bc4 Kg7 23. b4 Ne6 24. Ne2 Re8 25. h4 Rb8 26. f3 Re7 27. Kf2 Rc7 28. Ke3 b5 29. axb6 axb6 30. Ra1 b5 31. Bxe6 Bxe6 32. Ra6 c5 33. bxc5 Rxc5 34. Rdc6 Rc8 35. Rxc5 Rxc5 36. c3 Bc4 37. Rb6 Rc7 38. g3 Rd7 39. Ng1 Rd3+ 0-1

[Event "Moncada op 6th"]
[Site "Santiago de Cuba"]
[Date "2009.05.24"]
[Round "8"]
[White "Llamos Lopez, Guillermo"]
[Black "Morales Romero, Romaris"]
[Result "1/2-1/2"]
[WhiteElo "2245"]
[BlackElo "2312"]
[PlyCount "118"]
[EventDate "2009.05.16"]
[EventType "swiss"]
[EventRounds "9"]
[EventCountry "CUB"]
[SourceTitle "CBM 130 Extra"]
[Source "ChessBase"]
[SourceDate "2009.07.02"]
[SourceVersion "2"]
[SourceVersionDate "2009.07.15"]
[SourceQuality "1"]

1. d4 Nf6 2. Nc3 d5 3. Bg5 Nbd7 4. Qd3 e6 5. e4 dxe4 6. Nxe4 Be7 7. Bxf6 Nxf6 8. Nxf6+ Bxf6 9. 0-0-0 0-0 10. Kb1 b6 11. Be2 Bb7 12. Bf3 Qc8 13. Be4 g6 14. Ne2 Bg7 15. h4 Rd8 16. h5 Bxe4 17. Qxe4 c5 18. hxg6 hxg6 19. Rd3 cxd4 20. Nxd4 Rd5 21. Nb3 Rxd3 22. Qxd3 Qc6 23. f3 Rc8 24. Rd1 a5 25. a3 Bf6 26. c3 Rd8 27. Qe2 Rd5 28. Rxd5 Qxd5 29. Kc2 a4 30. Nd2 Bg5 31. Qd3 Qxd3+ 32. Kxd3 Bxd2 33. Kxd2 e5 34. c4 f5 35. Kc3 Kf7 36. b3 axb3 37. Kxb3 g5 38. a4 Ke7 39. Kb4 e4 40. fxe4 f4 41. c5 g4 42. cxb6 Kd7 43. e5 f3 44. gxf3 gxf3 45. b7 Kc7 46. e6 f2 47. e7 f1Q 48. b8Q+ Kxb8 49. e8Q+ Ka7 50. Qd7+ Ka8 51. Qc8+ Ka7 52. Qc5+ Ka6 53. Qb5+ Qxb5+ 54. axb5+ Kb6 55. Kc4 Kb7 56. Kc5 Kc7 57. b6+ Kb7 58. Kb5 Kb8 59. Kc6 Kc8 1/2-1/2